SONIA GANDHI: A PROFILE IN COURAGE AND GRACE (Record no. 12545)
[ view plain ]
| 000 -LEADER | |
|---|---|
| fixed length control field | 00303nam a22001337a 4500 |
| 003 - CONTROL NUMBER IDENTIFIER | |
| control field | SGT |
| 082 ## - DEWEY DECIMAL CLASSIFICATION NUMBER | |
| Classification number | 370 |
| Item number | S06R |
| 100 ## - MAIN ENTRY--PERSONAL NAME | |
| Personal name | RANCHAN, SOM P. |
| 245 ## - TITLE STATEMENT | |
| Title | SONIA GANDHI: A PROFILE IN COURAGE AND GRACE |
| 260 ## - PUBLICATION, DISTRIBUTION, ETC. (IMPRINT) | |
| Place of publication, distribution, etc | NEW DELHI |
| Name of publisher, distributor, etc | INDIAN PUB |
| Year of Publication | 2006 |
| 300 ## - PAGE DESCRIPTION | |
| No. of Pages | 66 |
| 650 ## - SUBJECT ADDED ENTRY--TOPICAL TERM | |
| Topical term or geographic name as entry element | EDUCATION |
| 942 ## - ADDED ENTRY ELEMENTS (KOHA) | |
| Source of classification or shelving scheme | Dewey Decimal Classification |
| Koha item type | Books |
No items available.